000 00750cam a22002053a 4500
001 40261
003 PGUSA
005 20140828083909.0
008 120716s2012||||xxu|||||s|||||000 | eng d
040 _aPGUSA
_beng
042 _adc
100 1 _aSemmelweis, Ignác Fülöp,
_d1818-1865
245 1 0 _aZwei offene Briefe an Dr. J. Spaeth, Professor der Geburtshilfe an der k. k. Josefs-Akademie in Wien, und an Hofrath Dr. F. W. Scanzoni, Professor der Geburtshilfe zu Würzburg
_h[electronic resource] /
_cIgnác Fülöp Semmelweis
260 _bProject Gutenberg,
_c2012
506 _aPublic domain in the USA.
516 _aElectronic text
830 0 _aProject Gutenberg
_v40261
856 4 0 _uhttp://www.gutenberg.org/ebooks/40261
942 _cEB
999 _c269514
_d269514